Explicación de Ildefonso de la Carrera al tratado acerca de la unión de bienes

Detalles Bibliográficos
Otros Autores: Ildefonso Guillén de la Carrera
Formato: Libro
Publicado: s.l., s.f.
Materias:
Colección:Banco de datos
Acervo:Biblioteca Palafoxiana. Colección de Manuscritos
Descripción Física:33 f. ; 20.5 x 30.5 cm.
Tema general:Civil
LEADER 00431nam a22001450004500
035 |a 167 
245 1 0 |a Explicación de Ildefonso de la Carrera al tratado acerca de la unión de bienes 
260 |a s.l., s.f. 
300 |a 33 f. ; 20.5 x 30.5 cm. 
650 1 0 |a Civil 
700 1 |a Ildefonso Guillén de la Carrera 
949 |a 10199/017 
942 |c PALAMANU 
943 |g Biblioteca Palafoxiana. Colección de Manuscritos 
999 |c 1068112  |d 1068112